<?xml version="1.0" encoding="UTF-8"?>
<record
    xmlns:xsi="http://www.w3.org/2001/XMLSchema-instance"
    xsi:schemaLocation="http://www.loc.gov/MARC21/slim http://www.loc.gov/standards/marcxml/schema/MARC21slim.xsd"
    xmlns="http://www.loc.gov/MARC21/slim">

  <leader>02818nam a2200325 a 4500</leader>
  <controlfield tag="003">OSt</controlfield>
  <controlfield tag="005">20251112141938.0</controlfield>
  <controlfield tag="007">cr ||||||a|c|a</controlfield>
  <controlfield tag="008">231205s2019    mx a|||fom||| 001 0 spa d</controlfield>
  <datafield tag="040" ind1=" " ind2=" ">
    <subfield code="e">rda</subfield>
  </datafield>
  <datafield tag="100" ind1="1" ind2=" ">
    <subfield code="9">188399</subfield>
    <subfield code="a">Rosas Flores, Graciela</subfield>
  </datafield>
  <datafield tag="245" ind1="1" ind2="0">
    <subfield code="a">Manejo de la pudrici&#xF3;n del cuello en jitomate saladett (Solanum lycopersicum L.) ocasionado por Sclerotium rolfsii Sacc. /</subfield>
    <subfield code="c">por Graciela Rosas Flores; director de tesis Santos Gerardo Leyva Mir.</subfield>
  </datafield>
  <datafield tag="264" ind1=" " ind2="1">
    <subfield code="a">Chapingo, M&#xE9;xico :</subfield>
    <subfield code="b">El autor,</subfield>
    <subfield code="c">2019.</subfield>
  </datafield>
  <datafield tag="300" ind1=" " ind2=" ">
    <subfield code="a">1 recurso en l&#xED;nea ( 55 p&#xE1;ginas):</subfield>
    <subfield code="b">cuadros, figuras.</subfield>
  </datafield>
  <datafield tag="336" ind1=" " ind2=" ">
    <subfield code="2">rdacontent</subfield>
    <subfield code="a">texto</subfield>
    <subfield code="b">txt</subfield>
  </datafield>
  <datafield tag="337" ind1=" " ind2=" ">
    <subfield code="2">rdamedia</subfield>
    <subfield code="a">computadora</subfield>
    <subfield code="b">c</subfield>
  </datafield>
  <datafield tag="338" ind1=" " ind2=" ">
    <subfield code="2">rdacarrier</subfield>
    <subfield code="a">recurso en l&#xED;nea</subfield>
    <subfield code="b">cr</subfield>
  </datafield>
  <datafield tag="502" ind1=" " ind2=" ">
    <subfield code="b">IAEPA</subfield>
    <subfield code="c">Parasitolog&#xED;a</subfield>
    <subfield code="d">2019.</subfield>
    <subfield code="g">LIC</subfield>
  </datafield>
  <datafield tag="504" ind1=" " ind2=" ">
    <subfield code="a">Incluye referencias bibliogr&#xE1;ficas: p&#xE1;ginas 36-41.</subfield>
  </datafield>
  <datafield tag="520" ind1=" " ind2=" ">
    <subfield code="a">Sclerotium rolfsii es un hongo fitopat&#xF3;geno asociado a la marchitez y pudrici&#xF3;n del tallo de plantas de jitomate, por su importancia en el cultivo e impacto econ&#xF3;mico, en este trabajo de investigaci&#xF3;n se evalu&#xF3; la severidad de este pat&#xF3;geno en plantas de jitomate variedad saladette y su reacci&#xF3;n in vitro a los fungicidas Bacillus subtilis cepa QST 713, Benomil, Kresoxim-metil y al insecticida Bacillus thuringiensis subespecie Kurstaki cepa EG 2348, los elementos considerados para la evaluaci&#xF3;n en campo y en laboratorio fueron en funci&#xF3;n al Tama&#xF1;o de Tallo (TT), Pudrici&#xF3;n de tallo (PT), Tama&#xF1;o de Ra&#xED;z (TR), Pudrici&#xF3;n de Ra&#xED;z (PR), Tama&#xF1;o Total de la Planta (TToP), Pudrici&#xF3;n (PTo), Marchitez (Mar), crecimiento de micelio direcci&#xF3;n Norte-Sur (NS) y direcci&#xF3;n Este-Oeste (EO). Kresoxim-metil fue el mejor tratamiento al inhibir en su totalidad la pudrici&#xF3;n a una concentraci&#xF3;n de 0.1 g/L, sin embargo, los tratamientos Bacillus subtilis y Benomil a una concentraci&#xF3;n de 0.075 g tambi&#xE9;n mostraron 100 % de inhibici&#xF3;n sobre Sclerotium rofsii. La identificaci&#xF3;n molecular del pat&#xF3;geno se realiz&#xF3; mediante la extracci&#xF3;n de &#xE1;cidos nucleicos con el protocolo de CTAB y para la PCR se utilizaron los primer ITS4, ITS5, EF1-728F y EF1-986F, las secuencias obtenidas fueron comparadas en el NCBI (National Center for Biotechnology Information) por sus siglas en ingl&#xE9;s, donde mostr&#xF3; un 99.85% de identidad con Sclerotium rolfii.</subfield>
  </datafield>
  <datafield tag="650" ind1=" " ind2="4">
    <subfield code="9">113713</subfield>
    <subfield code="a">Tomate</subfield>
    <subfield code="x">Enfermedades por hongos</subfield>
  </datafield>
  <datafield tag="650" ind1=" " ind2="4">
    <subfield code="9">71288</subfield>
    <subfield code="a">Marchitez del tomate</subfield>
  </datafield>
  <datafield tag="650" ind1=" " ind2="4">
    <subfield code="9">92857</subfield>
    <subfield code="a">Pudrici&#xF3;n de la ra&#xED;z</subfield>
    <subfield code="x">Tomate</subfield>
  </datafield>
  <datafield tag="650" ind1=" " ind2="4">
    <subfield code="9">44045</subfield>
    <subfield code="a">Fungicidas</subfield>
    <subfield code="x">An&#xE1;lisis</subfield>
  </datafield>
  <datafield tag="650" ind1=" " ind2="4">
    <subfield code="9">140295</subfield>
    <subfield code="a">Insecticidas </subfield>
    <subfield code="x"> An&#xE1;lisis</subfield>
  </datafield>
  <datafield tag="650" ind1=" " ind2="4">
    <subfield code="9">133270</subfield>
    <subfield code="a">Sclerotium rolfsii</subfield>
    <subfield code="x">Control</subfield>
  </datafield>
  <datafield tag="700" ind1="1" ind2=" ">
    <subfield code="a">Leyva Mir, Santos Gerardo</subfield>
    <subfield code="9">66581</subfield>
    <subfield code="e">director.</subfield>
  </datafield>
  <datafield tag="856" ind1=" " ind2=" ">
    <subfield code="u">http://10.13.5.2/tesis/tl/Rosas_Flores_Graciela.pdf</subfield>
    <subfield code="z">DESCARGAR PDF</subfield>
  </datafield>
  <datafield tag="942" ind1=" " ind2=" ">
    <subfield code="2">Clasificaci&#xF3;n Universidad Aut&#xF3;noma Chapingo</subfield>
    <subfield code="c">TD</subfield>
  </datafield>
  <datafield tag="999" ind1=" " ind2=" ">
    <subfield code="c">219497</subfield>
    <subfield code="d">219497</subfield>
  </datafield>
  <datafield tag="952" ind1=" " ind2=" ">
    <subfield code="0">0</subfield>
    <subfield code="1">0</subfield>
    <subfield code="2">local</subfield>
    <subfield code="4">0</subfield>
    <subfield code="5">1</subfield>
    <subfield code="7">0</subfield>
    <subfield code="8">TesDigL</subfield>
    <subfield code="a">BD</subfield>
    <subfield code="b">BD</subfield>
    <subfield code="c">E_L</subfield>
    <subfield code="d">2023-12-05</subfield>
    <subfield code="l">0</subfield>
    <subfield code="o">Tesis digital</subfield>
    <subfield code="r">2023-12-05 00:00:00</subfield>
    <subfield code="w">2023-12-05</subfield>
    <subfield code="y">TD</subfield>
  </datafield>
</record>
